| 000 | 00415nam a22001337a 4500 | ||
|---|---|---|---|
| 005 | 20260407152112.0 | ||
| 008 | 260407b |||||||| |||| 00| 0 eng d | ||
| 082 |
_a351.72 _bANN-G |
||
| 245 | _aAnnual Budget Statement 2002-2003 | ||
| 260 |
_aGovernment of Pakistan Finance Division Islamabad _bPrinting Corporation of Pakistan Press, Pakistan _c2003 |
||
| 300 | _a19 p. | ||
| 650 | _aAllied Material | ||
| 942 | _cBK | ||
| 999 |
_c47241 _d47241 |
||